Singapur - quiz wielokrotnego wyboru - Statystyki

Ogólne statystyki
  • Ten quiz został rozwiązany 606 razy
  • Średni wynik to 6 z 10
Statystyki odpowiedzi
Zagadnienie Odpowiedź % Poprawnych
Która z tych rzeczy jest nielegalna do sprzedaży w Singapurze? Guma do żucia
89%
Angielski jest najczęściej używanym językiem w Singapurze. Jaki język jest drugi? Mandaryński
88%
Które państwo jest połączone z Singapurem za pomocą mostów? Malezja
84%
Który z tych budynków można zobaczyć w Singapurze?
76%
Który z tych filmów rozgrywał się w Singapurze? Bajecznie bogaci Azjaci
58%
Z kim Donald Trump spotkał się na historycznym szczycie w Singapurze w 2018 roku? Kim Dzong-un
58%
Kto był premierem Singapuru w latach 1959–1990 i komu przypisuje się zasługę wyprowadzenia państwa z Trzeciego Świata do Pierwszego? Lee Kuan Yew
58%
Które z poniższych stwierdzeń dotyczących Singapuru NIE jest prawdziwe? Singapur nie ma wojska
56%
Kto założył brytyjską osadę w Singapurze w 1819 roku? Stamford Raffles
36%
Jakie mityczne zwierzę jest symbolem Singapuru? Merlion
27%
Nie znaleziono quizów pasujących do podanych kryteriów
Rozkład punktacji
Procent ludzi z każdym wynikiem
Percentyl według liczby udzielonych odpowiedzi
Twoja historia wyników
Nie rozwiązałeś tego quizu